<?xml version="1.0" encoding="UTF-8"?>
<record
    xmlns:xsi="http://www.w3.org/2001/XMLSchema-instance"
    xsi:schemaLocation="http://www.loc.gov/MARC21/slim http://www.loc.gov/standards/marcxml/schema/MARC21slim.xsd"
    xmlns="http://www.loc.gov/MARC21/slim">

  <leader>02051nam a2200181 i 4500</leader>
  <controlfield tag="001">170384</controlfield>
  <controlfield tag="003">ES-MaACL</controlfield>
  <controlfield tag="005">20250806045156.0</controlfield>
  <controlfield tag="008">090302s18881890sp           |||| | spa d</controlfield>
  <datafield tag="110" ind1="2" ind2=" ">
    <subfield code="a">Real Academia de Medicina de Madrid</subfield>
    <subfield code="9">6318</subfield>
  </datafield>
  <datafield tag="245" ind1="1" ind2="0">
    <subfield code="a">Discursos pronunciados en la Real Academia de Medicina de Madrid</subfield>
    <subfield code="b">: 1887-1890.</subfield>
  </datafield>
  <datafield tag="260" ind1=" " ind2=" ">
    <subfield code="a">Madrid : </subfield>
    <subfield code="b">[s. n.], </subfield>
    <subfield code="c">1888 (</subfield>
    <subfield code="e">Madrid : </subfield>
    <subfield code="f">Imp. Enrique Teodoro)</subfield>
  </datafield>
  <datafield tag="300" ind1=" " ind2=" ">
    <subfield code="a">1 v. ; </subfield>
    <subfield code="c">27 cm.</subfield>
  </datafield>
  <datafield tag="505" ind1="8" ind2=" ">
    <subfield code="a">Contiene: Discurso.../ Mat&#xED;as Nieto Serrano (16 p.). Influenia de las enfermedades de la piel en las perturbaciones mentales / Jos&#xE9; Eugenio Olavide (36 p.).  Valor curativo de la neturaleza de las enfermedades / Alejandro San Mart&#xED;n (61 p.). Concepto social de la divisi&#xF3;n del trabajo en Medicina / Jos&#xE9; de Letamendi (33 p.). Discurso.../ Juli&#xE1;n Calleja (p. 35-53). La Medicina cient&#xED;fica y racional debe tener por base la verdadera fisiolog&#xED;a.../ Juan Magaz y Jaime (32 p.). Discurso.../ Aureliano Maestre de San Juan (p. 33-63). La terape&#xFA;tica de nuestros d&#xED;as participa del progreso de las dem&#xE1;s instituciones de la Medicina / Manuel Ortega Morej&#xF3;n (38 p.). Discurso.../ Mariano Carretero y Muriel (p. 39-58). Discurso.../ Mat&#xED;as Nieto Serrano (22 p.). Algo de lo que se debe a los espa&#xF1;oles en el progreso de las ciencias m&#xE9;dicas / Jos&#xE9; D&#xED;az Benito y Angulo (40 p.). De la aclimataci&#xF3;n de los cascarillos / Vicente Mart&#xED;n de Argenta (72 p.). Discurso.../ Pedro Lletget y D&#xED;az Ropero (p. 73-122). C&#xF3;mo deben consignarse en las farmacopeas oficiales los llamados medicamentos qu&#xED;micos / Jos&#xE9; Font y Mart&#xED; (66 p.). Discurso.../ Juan R. G&#xF3;mez Pamo (p. 67-106). Discurso.../ Mat&#xED;as Nieto Serrano (17 p.). Socio-patolog&#xED;a / Federico Rubio y Gali (49 p.). Consideraciones hist&#xF3;rico-cr&#xED;ticas acerca de la ciencia de los medicamentos en el siglo XVII, con relaci&#xF3;n a al &#xE9;poca actual / Joaqu&#xED;n Olmedilla y Puig (86 p.). Discurso.../ Gabriel de la Puerta (p. 89-109).</subfield>
  </datafield>
  <datafield tag="852" ind1=" " ind2=" ">
    <subfield code="a">ES-MaACL</subfield>
    <subfield code="9">177048 </subfield>
    <subfield code="j">K-102</subfield>
  </datafield>
  <datafield tag="942" ind1=" " ind2=" ">
    <subfield code="2">udc</subfield>
  </datafield>
  <datafield tag="999" ind1=" " ind2=" ">
    <subfield code="c">170384</subfield>
    <subfield code="d">170384</subfield>
  </datafield>
  <datafield tag="952" ind1=" " ind2=" ">
    <subfield code="0">0</subfield>
    <subfield code="1">0</subfield>
    <subfield code="4">0</subfield>
    <subfield code="7">0</subfield>
    <subfield code="8">LIBXIX</subfield>
    <subfield code="a">ATENEOM</subfield>
    <subfield code="b">ATENEOM</subfield>
    <subfield code="c">ADM</subfield>
    <subfield code="d">2009-03-02</subfield>
    <subfield code="l">0</subfield>
    <subfield code="o">K-102</subfield>
    <subfield code="p">1178872</subfield>
    <subfield code="r">2023-02-23 00:00:00</subfield>
    <subfield code="w">2023-02-23</subfield>
    <subfield code="y">MONANT</subfield>
  </datafield>
</record>
